000 00452ntaaa2200169 4500
003 01
005 20251027202435.0
008 0714s1973 ag 01
040 _aAR-BaBN
_bspa
_cAR-BaBN
_eaacr
_dRIC
082 _a265.8000 G76
100 _aGraham, Ikin A.
_923272
245 _aNew concepts of healing; medical, pscychological and religious.
250 _a1 ed. :
_bHodder and Stoughton,
_cc/955
300 _a186 p.
650 _aSanidad
942 _cBK
999 _c19372
_d19372